Ambrus István: A socialismus
Elmentve itt :
| Szerző: | |
|---|---|
| Adatforrás: | Philobibl |
| Forrásdokumentuma: | Bölcseleti Folyóirat 1889 199-203. p. |
| Dokumentumtípus: | Cikk |
| Nyelv: | magyar |
| LEADER | 00337nab a2200109 c 4500 | ||
|---|---|---|---|
| 001 | bibDOK00013488 | ||
| 005 | 20200924120835.6 | ||
| 008 | 060518s1889 xx hun | ||
| 100 | 1 | |a Várady Árpád | |
| 245 | 1 | 0 | |a Ambrus István: A socialismus |c Várady Árpád |
| 500 | |a Pályanyertes műről ismertetés | ||
| 773 | 0 | |t Bölcseleti Folyóirat 1889 |g 199-203. p. | |